Central Library OPAC University of Rajshahi

India's strategic culture : (Record no. 40382)

MARC details
000 -LEADER
fixed length control field 01002cam a2200253 i 4500
001 - CONTROL NUMBER
control field 40382
003 - CONTROL NUMBER IDENTIFIER
rucl marc code BD-RjUL
005 - DATE AND TIME OF LATEST TRANSACTION
control field 20211209053212.0
008 - FIXED-LENGTH DATA ELEMENTS--GENERAL INFORMATION
fixed length control field 160430s2013 ii b b 001 0 eng d
020 ## - INTERNATIONAL STANDARD BOOK NUMBER
International Standard Book Number 9780415832083
035 ## - SYSTEM CONTROL NUMBER
System control number (BD-RjUL)40497
040 ## - CATALOGING SOURCE
Original cataloging agency BD-RjUL
Language of cataloging eng
Transcribing agency BD-RjUL
041 ## - LANGUAGE CODE
Language code of text/sound track or separate title eng
082 04 - DEWEY DECIMAL CLASSIFICATION NUMBER
Edition number 23
Classification number 327.54
Author mark and year PAI 2013
100 1# - MAIN ENTRY--PERSONAL NAME
Personal name Paranjpe, Shrikant,
9 (RLIN) 124394
245 10 - TITLE STATEMENT
Title India's strategic culture :
Remainder of title The making of national security policy /
Statement of responsibility, etc. Shrikant Paranjpe.
260 ## - PUBLICATION, DISTRIBUTION, ETC. (IMPRINT)
Place of publication, distribution, etc. New York :
Name of publisher, distributor, etc. Routledge,
Date of publication, distribution, etc. 2013
300 ## - PHYSICAL DESCRIPTION
Pagination xv, 184 pages :
Illustrations maps ;
Size 23 cm
504 ## - BIBLIOGRAPHY, ETC. NOTE
Bibliography, etc Includes bibliographical references (pages 163-175) and index.
505 0# - FORMATTED CONTENTS NOTE
Formatted contents note Strategic Culture -- India Since Independence -- India: The Application (1947-91) -- India: The Application (Post-1991) -- Internal Security and Role of the State -- India: Strategic Culture and National Security Policy.
650 #0 - SUBJECT ADDED ENTRY--TOPICAL TERM
Topical term or geographic name as entry element National security
Geographic subdivision India.
9 (RLIN) 124395
942 ## - ADDED ENTRY ELEMENTS (KOHA)
Source of classification or shelving scheme Dewey Decimal Classification
Koha item type Books
Holdings
Lost status Source of classification or shelving scheme Damaged status Not for loan Collection code Permanent Location Current Location Shelving location Date acquired Source of acquisition Cost, normal purchase price Total Checkouts Full call number Date last seen Copy number Koha item type
  Dewey Decimal Classification   Not For Loan Non-fiction Central Library, University of Rajshahi Central Library, University of Rajshahi Reading Room 16/02/2016 RUCL 695.00   327.54 PAI 2013 30/04/2016 C-1 Books